Normal view
MARC view
- MICROSOFT POWERPOINT 2002 PRESENTATIONS POWERPOINT 2002
Entry Topical Term
001 - CONTROL NUMBER
- control field: 57752
003 - CONTROL NUMBER IDENTIFIER
- control field: NUST
005 - DATE AND TIME OF LATEST TRANSACTION
- control field: 20210628202006.0
008 - FIXED-LENGTH DATA ELEMENTS
- fixed length control field: 210628|| aca||aabn | a|a d
040 ## - CATALOGING SOURCE
- Original cataloging agency: NUST
- Transcribing agency: NUST
150 ## - HEADING--TOPICAL TERM
- Topical term or geographic name entry element: MICROSOFT POWERPOINT 2002 PRESENTATIONS POWERPOINT 2002
670 ## - SOURCE DATA FOUND
- Source citation: Work cat.: (NUST): Stevenson, Nancy 57751, Create microsoft powerpoint 2002 presentations, in a weekend, 2001
